La administración de justicia en América Latina

محفوظ في:
التفاصيل البيبلوغرافية
مؤلف مشترك: Consejo Latinoamericano de Derecho y Desarrollo (مؤلف)
التنسيق: كتاب
اللغة:الإسبانية
منشور في: Lima Consejo Latinoamericano de Derecho y Desarrollo 1984
الموضوعات:
الوسوم: إضافة وسم
لا توجد وسوم, كن أول من يضع وسما على هذه التسجيلة!

MARC

LEADER 00000nam a2200000 a 4500
001 UCY6720
003 CL-VaPUC
008 950602e19840000PE |||||||||||||||||spa|d
082 0 4 |a 347.013  |b CON  |2 21 
110 2 |a Consejo Latinoamericano de Derecho y Desarrollo  |e author  |9 336757 
245 1 3 |a La administración de justicia en América Latina 
300 |a 434 p 
942 |c BK 
945 |d 19950602 00:00:00  |a aalvarez 
260 |a Lima  |b Consejo Latinoamericano de Derecho y Desarrollo  |c 1984 
650 7 |a SISTEMA JURIDICO  |2 CL-VaPUC  |9 336758 
651 0 |a América Latina   |9 255027 
583 |a last modification  |c 19950602 00:00:00  |k Rodrigo Vera 
999 |c 234240  |d 234238 
952 |0 0  |1 0  |4 0  |6 347_013000000000000_CON_1984  |7 0  |8 A  |9 240317  |a BIBDER  |b BIBDER  |d 2019-11-18  |i 2000954  |l 1  |o 347.013 CON 1984  |p 2000954  |r 2024-12-06  |s 2024-12-06  |w 2019-11-18  |y BK  |k DER